Central Library OPAC University of Rajshahi
Normal view MARC view

Entry Personal Name

Number of records used in: 8

001 - CONTROL NUMBER

  • control field: 2740

003 - CONTROL NUMBER IDENTIFIER

  • control field: BD-RjUL

005 - DATE AND TIME OF LATEST TRANSACTION

  • control field: 20220424125753.0

008 - FIXED-LENGTH DATA ELEMENTS

  • fixed length control field: 220424|| aca||aabn | a|a d

040 ## - CATALOGING SOURCE

  • Original cataloging agency: BD-RjUL
  • Transcribing agency: BD-RjUL

100 ## - HEADING--PERSONAL NAME

  • Personal name: المطوى، محمد العروسى،[Al-Matawi, Mohamed Al-Arousi],
  • Dates associated with a name: 1920-

670 ## - SOURCE DATA FOUND

  • Source citation: Work cat.: (BD-RjUL)79753: المطوى، محمد العروسى،[Al-Matawi, Mohamed Al-Arousi], 1920-, الحروب الصليبية في المشرق والمغرب /[alhurub alsalibiat fi almashriq walmaghrib] /, 1954.